Indian corporate law (Record no. 121954)

MARC details
000 -LEADER
fixed length control field 01021nam a2200277Ia 4500
003 - CONTROL NUMBER IDENTIFIER
control field OSt
005 - DATE AND TIME OF LATEST TRANSACTION
control field 20250718152812.0
008 - FIXED-LENGTH DATA ELEMENTS--GENERAL INFORMATION
fixed length control field 210210b2017 xxu||||| |||| 00| 0 eng d
020 ## - INTERNATIONAL STANDARD BOOK NUMBER
International Standard Book Number 9789385682520
040 ## - CATALOGING SOURCE
Transcribing agency Aloy
041 ## - LANGUAGE CODE
Language code of text/sound track or separate title eng
082 ## - DEWEY DECIMAL CLASSIFICATION NUMBER
Classification number 346.066
Edition number 23
Item number MONI
100 ## - MAIN ENTRY--PERSONAL NAME
Personal name Herald Monis
9 (RLIN) 35772
245 ## - TITLE STATEMENT
Title Indian corporate law
260 ## - PUBLICATION, DISTRIBUTION, ETC.
Place of publication, distribution, etc. Mangalore
Name of publisher, distributor, etc. United Agencies
Date of publication, distribution, etc. 2017
300 ## - PHYSICAL DESCRIPTION
Extent viii,248p.
Other physical details PB
Dimensions 21x14cm.
520 ## - SUMMARY, ETC.
Summary, etc. The book is prepared as per the CBCS syllabus of Mangalore University. The contents of this book comprehensively cover the provisions of the Indian Companies Act, 2013 as amended from time to time. All the Possible attemps have been made to present this book in a students friendly manner.
650 ## - SUBJECT ADDED ENTRY--TOPICAL TERM
Topical term or geographic name entry element Corporate Law
9 (RLIN) 35787
650 ## - SUBJECT ADDED ENTRY--TOPICAL TERM
Topical term or geographic name entry element Shares and Debentures
9 (RLIN) 35788
650 ## - SUBJECT ADDED ENTRY--TOPICAL TERM
Topical term or geographic name entry element Company Management
9 (RLIN) 35789
650 ## - SUBJECT ADDED ENTRY--TOPICAL TERM
Topical term or geographic name entry element Company Meetings
9 (RLIN) 35790
650 ## - SUBJECT ADDED ENTRY--TOPICAL TERM
Topical term or geographic name entry element Formation of Company
9 (RLIN) 35791
650 ## - SUBJECT ADDED ENTRY--TOPICAL TERM
Topical term or geographic name entry element VI SEM BCom
9 (RLIN) 38512
906 ## - LOCAL DATA ELEMENT F, LDF (RLIN)
a 072109
942 ## - ADDED ENTRY ELEMENTS (KOHA)
Source of classification or shelving scheme Dewey Decimal Classification
Koha item type Book
Holdings
Withdrawn status Lost status Source of classification or shelving scheme Damaged status Not for loan Collection code Home library Current library Date acquired Source of acquisition Cost, normal purchase price Total Checkouts Full call number Barcode Date last seen Date last checked out Price effective from Koha item type Total Renewals Cost, replacement price
    Dewey Decimal Classification     Commerce St Aloysius Library St Aloysius Library 02/17/2021 Biblios Book Point, Surathkal-575014 140.00 4 346.066 MONI 072110 05/26/2023 04/18/2023 02/17/2021 Book    
    Dewey Decimal Classification     Commerce St Aloysius Library St Aloysius Library 02/17/2021 Biblios Book Point, Surathkal-575014 140.00 10 346.066 MONI 072109 05/26/2023 05/26/2023 02/17/2021 Book 3  
    Dewey Decimal Classification     Commerce St Aloysius Library St Aloysius Library 06/09/2018 General Annual 140.00 6 346.066 MONI D04418 05/26/2023 05/26/2023 07/19/2021 Donated Books    
    Dewey Decimal Classification   Reference Book Commerce St Aloysius Library St Aloysius Library 05/10/2022 Biblios Book Point, Surathkal, Mangalore-575014 176.00 8 346.066 MONI 075771 05/24/2023 05/02/2023 05/11/2022 Reference   220.00
    Dewey Decimal Classification     Commerce St Aloysius Library St Aloysius Library 05/10/2022 Biblios Book Point, Surathkal, Mangalore-575014 176.00 6 346.066 MONI 075772 06/06/2023 05/22/2023 05/11/2022 Book 2 220.00
    Dewey Decimal Classification     Commerce St Aloysius Library St Aloysius Library 05/10/2022 Biblios Book Point, Surathkal, Mangalore-575014 176.00 7 346.066 MONI 075773 05/17/2024 05/15/2024 05/11/2022 Book 1 220.00
    Dewey Decimal Classification     Commerce St Aloysius Library St Aloysius Library 05/10/2022 Biblios Book Point, Surathkal, Mangalore-575014 176.00 6 346.066 MONI 075774 04/06/2024 03/28/2024 05/11/2022 Book   220.00
    Dewey Decimal Classification     Commerce St Aloysius Library St Aloysius Library 05/10/2022 Biblios Book Point, Surathkal, Mangalore-575014 176.00 8 346.066 MONI 075775 03/27/2026 03/02/2026 05/11/2022 Book   220.00